English unlimited: Starter. Self-study Pack. Workbook with DVD-ROM. A1

Guardat en:
Dades bibliogràfiques
Autors principals: Doff, Adrian (Autor), Robinson, Nick (Autor)
Format: Llibre
Idioma:anglès
Publicat: Cambridge Cambridge University Press 2010
Matèries:
Etiquetes: Afegir etiqueta
Sense etiquetes, Sigues el primer a etiquetar aquest registre!

MARC

LEADER 00000cam a2200000 a 4500
001 UCG8027
003 CL-VaPUC
008 111111e20100000UK |||||||||||||||||eng|d
020 |a 9780521726344 
082 0 4 |a 428  |b DOF  |2 21 
100 0 |a Doff, Adrian  |e author  |9 558535 
700 0 |a Robinson, Nick  |e author  |9 558536 
245 1 0 |a English unlimited: Starter. Self-study Pack. Workbook with DVD-ROM. A1 
300 |a 57 p 
942 |c BK 
945 |d 20111111 00:00:00  |a dcastane 
260 |a Cambridge  |b Cambridge University Press  |c 2010 
500 |a Incluye DVD con material complementario 
650 0 |a Educación lingüística  |9 306506 
650 0 |a Enseñanza del inglés  |9 367340 
650 0 |a Lengua inglesa  |9 318842 
650 0 |a Métodos de enseñanza  |9 270413 
583 |a last modification  |c 20120306 11:05:38  |k Rodrigo Vera 
999 |c 345674  |d 345672 
952 |0 0  |1 0  |2 ddc  |4 0  |6 428_000000000000000_DOF_2010  |7 0  |8 A  |9 444857  |a BIBING  |b BIBING  |c RES  |d 2019-11-22  |i 4796403  |l 3  |o 428 DOF 2010  |p 4796403  |r 2025-01-20  |s 2023-03-28  |w 2019-11-22  |y BK  |k ILI 
952 |0 0  |1 0  |2 ddc  |4 0  |6 428_000000000000000_DOF_2010  |7 0  |8 A  |9 444858  |a BIBING  |b BIBING  |c RES  |d 2019-11-22  |i 4796411  |o 428 DOF 2010  |p 4796411  |r 2025-01-20  |w 2019-11-22  |y BK  |k ILI 
952 |0 0  |1 0  |2 ddc  |4 0  |6 428_000000000000000_DOF_2010  |7 0  |8 A  |9 444860  |a BIBING  |b BIBING  |c RES  |d 2019-11-22  |i 4796438  |o 428 DOF 2010  |p 4796438  |r 2025-01-20  |w 2019-11-22  |y BK  |k ILI 
952 |0 0  |1 0  |2 ddc  |4 0  |6 428_000000000000000_DOF_2010  |7 0  |8 A  |9 444863  |a BIBING  |b BIBING  |d 2019-11-22  |i 4796462  |l 2  |o 428 DOF 2010  |p 4796462  |r 2025-01-20  |s 2023-06-22  |w 2019-11-22  |y BK  |k ILI 
952 |0 0  |1 0  |2 ddc  |4 0  |6 428_000000000000000_DOF_2010  |7 0  |8 A  |9 444864  |a BIBING  |b BIBING  |c RES  |d 2019-11-22  |i 4796470  |l 1  |o 428 DOF 2010  |p 4796470  |r 2025-01-20  |s 2023-03-24  |w 2019-11-22  |y BK  |k ILI 
952 |0 0  |1 0  |2 ddc  |4 0  |6 428_000000000000000_DOF_2010  |7 0  |8 A  |9 444865  |a BIBING  |b BIBING  |c RES  |d 2019-11-22  |i 4796489  |l 2  |o 428 DOF 2010  |p 4796489  |r 2025-01-20  |s 2022-03-17  |w 2019-11-22  |y BK  |k ILI 
952 |0 0  |1 0  |2 ddc  |4 0  |6 428_000000000000000_DOF_2010  |7 0  |8 A  |9 444867  |a BIBING  |b BIBING  |c RES  |d 2019-11-22  |i 4796500  |l 2  |o 428 DOF 2010  |p 4796500  |r 2025-01-20  |s 2023-06-07  |w 2019-11-22  |y BK  |k ILI 
952 |0 0  |1 0  |2 ddc  |4 0  |6 428_000000000000000_DOF_2010  |7 0  |8 A  |9 444868  |a BIBING  |b BIBING  |c RES  |d 2019-11-22  |i 4796519  |o 428 DOF 2010  |p 4796519  |r 2025-01-20  |w 2019-11-22  |y BK  |k ILI 
952 |0 0  |1 0  |2 ddc  |4 0  |6 428_000000000000000_DOF_2010  |7 0  |8 A  |9 444870  |a BIBING  |b BIBING  |c RES  |d 2019-11-22  |i 4796535  |o 428 DOF 2010  |p 4796535  |r 2025-01-20  |w 2019-11-22  |y BK  |k ILI 
952 |0 0  |1 0  |2 ddc  |4 0  |6 428_000000000000000_DOF_2010  |7 0  |8 A  |9 444871  |a BIBING  |b BIBING  |c RES  |d 2019-11-22  |i 4796543  |o 428 DOF 2010  |p 4796543  |r 2025-01-20  |w 2019-11-22  |y BK  |k ILI 
952 |0 0  |1 0  |2 ddc  |4 0  |6 428_000000000000000_DOF_2010  |7 0  |8 A  |9 444875  |a BIBING  |b BIBING  |c RES  |d 2019-11-22  |i 4796586  |l 1  |o 428 DOF 2010  |p 4796586  |r 2025-01-20  |s 2022-03-17  |w 2019-11-22  |y BK  |k ILI 
952 |0 0  |1 0  |2 ddc  |4 0  |6 428_000000000000000_DOF_2010  |7 0  |8 A  |9 444878  |a BIBING  |b BIBING  |c RES  |d 2019-11-22  |i 4796616  |o 428 DOF 2010  |p 4796616  |r 2025-01-20  |w 2019-11-22  |y BK  |k ILI 
952 |0 0  |1 0  |4 0  |6 428_000000000000000_DOF_2010  |7 0  |8 R  |9 444882  |a BIBEDU  |b BIBEDU  |d 2019-11-22  |i 4797701  |o 428 DOF 2010  |p 4797701  |r 2019-11-22  |w 2019-11-22  |y BK_R  |k ILE 
952 |0 0  |1 0  |4 0  |6 428_000000000000000_DOF_2010  |7 0  |8 R  |9 444883  |a BIBEDU  |b BIBEDU  |d 2019-11-22  |i 479771K  |o 428 DOF 2010  |p 479771K  |r 2019-11-22  |w 2019-11-22  |y BK_R  |k ILE 
952 |0 0  |1 0  |4 0  |6 428_000000000000000_DOF_2010  |7 0  |8 R  |9 444884  |a BIBEDU  |b BIBEDU  |d 2019-11-22  |i 4797728  |o 428 DOF 2010  |p 4797728  |r 2019-11-22  |w 2019-11-22  |y BK_R  |k ILE 
952 |0 0  |1 0  |4 0  |6 428_000000000000000_DOF_2010  |7 0  |8 R  |9 444885  |a BIBEDU  |b BIBEDU  |d 2019-11-22  |i 4797736  |o 428 DOF 2010  |p 4797736  |r 2019-11-22  |w 2019-11-22  |y BK_R  |k ILE 
952 |0 0  |1 0  |4 0  |6 428_000000000000000_DOF_2010  |7 0  |8 R  |9 444886  |a BIBEDU  |b BIBEDU  |d 2019-11-22  |i 4797744  |o 428 DOF 2010  |p 4797744  |r 2019-11-22  |w 2019-11-22  |y BK_R  |k ILE 
952 |0 0  |1 0  |4 0  |6 428_000000000000000_DOF_2010  |7 0  |8 R  |9 444887  |a BIBEDU  |b BIBEDU  |d 2019-11-22  |i 4797752  |o 428 DOF 2010  |p 4797752  |r 2019-11-22  |w 2019-11-22  |y BK_R  |k ILE 
952 |0 0  |1 0  |4 0  |6 428_000000000000000_DOF_2010  |7 0  |8 R  |9 444888  |a BIBEDU  |b BIBEDU  |d 2019-11-22  |i 4797760  |o 428 DOF 2010  |p 4797760  |r 2019-11-22  |w 2019-11-22  |y BK_R  |k ILE 
952 |0 0  |1 0  |4 0  |6 428_000000000000000_DOF_2010  |7 0  |8 R  |9 444889  |a BIBEDU  |b BIBEDU  |d 2019-11-22  |i 4797779  |o 428 DOF 2010  |p 4797779  |r 2019-11-22  |w 2019-11-22  |y BK_R  |k ILE 
952 |0 0  |1 0  |4 0  |6 428_000000000000000_DOF_2010  |7 0  |8 R  |9 444890  |a BIBEDU  |b BIBEDU  |d 2019-11-22  |i 4797787  |o 428 DOF 2010  |p 4797787  |r 2019-11-22  |w 2019-11-22  |y BK_R  |k ILE 
952 |0 0  |1 0  |4 0  |6 428_000000000000000_DOF_2010  |7 0  |8 R  |9 444891  |a BIBEDU  |b BIBEDU  |d 2019-11-22  |i 4797795  |o 428 DOF 2010  |p 4797795  |r 2019-11-22  |w 2019-11-22  |y BK_R  |k ILE 
952 |0 0  |1 0  |4 0  |6 428_000000000000000_DOF_2010  |7 0  |8 R  |9 444892  |a BIBEDU  |b BIBEDU  |d 2019-11-22  |i 4797809  |o 428 DOF 2010  |p 4797809  |r 2019-11-22  |w 2019-11-22  |y BK_R  |k ILE 
952 |0 0  |1 0  |4 0  |6 428_000000000000000_DOF_2010  |7 0  |8 R  |9 444893  |a BIBEDU  |b BIBEDU  |d 2019-11-22  |i 4797817  |o 428 DOF 2010  |p 4797817  |r 2019-11-22  |w 2019-11-22  |y BK_R  |k ILE 
952 |0 0  |1 0  |4 0  |6 428_000000000000000_DOF_2010  |7 0  |8 R  |9 444894  |a BIBEDU  |b BIBEDU  |d 2019-11-22  |i 4797825  |o 428 DOF 2010  |p 4797825  |r 2019-11-22  |w 2019-11-22  |y BK_R  |k ILE 
952 |0 0  |1 0  |4 0  |6 428_000000000000000_DOF_2010  |7 0  |8 R  |9 444895  |a BIBEDU  |b BIBEDU  |d 2019-11-22  |i 4797833  |o 428 DOF 2010  |p 4797833  |r 2019-11-22  |w 2019-11-22  |y BK_R  |k ILE 
952 |0 0  |1 0  |4 0  |6 428_000000000000000_DOF_2010  |7 0  |8 R  |9 444896  |a BIBEDU  |b BIBEDU  |d 2019-11-22  |i 4797841  |o 428 DOF 2010  |p 4797841  |r 2019-11-22  |w 2019-11-22  |y BK_R  |k ILE 
952 |0 0  |1 0  |4 0  |6 428_000000000000000_DOF_2010  |7 0  |8 R  |9 444897  |a BIBEDU  |b BIBEDU  |d 2019-11-22  |i 479785K  |o 428 DOF 2010  |p 479785K  |r 2019-11-22  |w 2019-11-22  |y BK_R  |k ILE 
952 |0 0  |1 0  |4 0  |6 428_000000000000000_DOF_2010  |7 0  |8 R  |9 444898  |a BIBEDU  |b BIBEDU  |d 2019-11-22  |i 4797868  |o 428 DOF 2010  |p 4797868  |r 2019-11-22  |w 2019-11-22  |y BK_R  |k ILE 
952 |0 0  |1 0  |4 0  |6 428_000000000000000_DOF_2010  |7 0  |8 R  |9 444899  |a BIBEDU  |b BIBEDU  |d 2019-11-22  |i 4797876  |l 1  |o 428 DOF 2010  |p 4797876  |r 2023-10-05  |s 2023-10-05  |w 2019-11-22  |y BK_R  |k ILE 
952 |0 0  |1 0  |4 0  |6 428_000000000000000_DOF_2010  |7 0  |8 R  |9 444900  |a BIBEDU  |b BIBEDU  |d 2019-11-22  |i 4797884  |o 428 DOF 2010  |p 4797884  |r 2019-11-22  |w 2019-11-22  |y BK_R  |k ILE 
952 |0 0  |1 0  |4 0  |6 428_000000000000000_DOF_2010  |7 0  |8 R  |9 444901  |a BIBEDU  |b BIBEDU  |d 2019-11-22  |i 4797892  |o 428 DOF 2010  |p 4797892  |r 2019-11-22  |w 2019-11-22  |y BK_R  |k ILE 
952 |0 0  |1 0  |4 0  |6 428_000000000000000_DOF_2010  |7 0  |8 R  |9 444902  |a BIBEDU  |b BIBEDU  |d 2019-11-22  |i 4797906  |o 428 DOF 2010  |p 4797906  |r 2019-11-22  |w 2019-11-22  |y BK_R  |k ILE 
952 |0 0  |1 0  |4 0  |6 428_000000000000000_DOF_2010  |7 0  |8 R  |9 444903  |a BIBEDU  |b BIBEDU  |d 2019-11-22  |i 4797914  |o 428 DOF 2010  |p 4797914  |r 2019-11-22  |w 2019-11-22  |y BK_R  |k ILE 
952 |0 0  |1 0  |4 0  |6 428_000000000000000_DOF_2010  |7 0  |8 R  |9 444904  |a BIBEDU  |b BIBEDU  |d 2019-11-22  |i 4797922  |o 428 DOF 2010  |p 4797922  |r 2019-11-22  |w 2019-11-22  |y BK_R  |k ILE 
952 |0 0  |1 0  |4 0  |6 428_000000000000000_DOF_2010  |7 0  |8 R  |9 444905  |a BIBEDU  |b BIBEDU  |d 2019-11-22  |i 4797930  |l 1  |o 428 DOF 2010  |p 4797930  |r 2023-10-05  |s 2023-10-05  |w 2019-11-22  |y BK_R  |k ILE 
952 |0 0  |1 0  |4 0  |6 428_000000000000000_DOF_2010  |7 0  |8 R  |9 444906  |a BIBEDU  |b BIBEDU  |d 2019-11-22  |i 4797949  |o 428 DOF 2010  |p 4797949  |r 2019-11-22  |w 2019-11-22  |y BK_R  |k ILE